LEADER 00839nam a2200193 i 4500 001 000000139463 003 CaOOAMICUS 005 20241003151911.0 008 050524s1967 it u000 u lat u 040 $aSeMil$bita 245 10$a2: Fontes A-B. 264 1$aRomae :$bIstituto storico italiano per il Medio Evo,$c1967. 300 $aXIX, 613 p. ;$c28 cm 773 0 $aIstituto storico italiano per il Medio Evo $tRepertorium fontium historiae Medii Aevi.$dRomae : Istituto storico italiano per il Medio Evo, 1962-$g2$w()13542 850 $aSeMil 852 $aSeMil$W1$xVenegono$y1$m3T VI 29$j251324$B92871$CSeMilBibl$Z2$F98118 $81 996 $6245$a2: Fontes A-B$9(OLS)http://semarc/title/203774 996 $6264$aRomae :$bIstituto storico italiano per il Medio Evo$9(OLS)http://semarc/publisher/33686 LEADER 01344nam a2200301 i 4500 001 000000220435 003 CaOOAMICUS 005 20181204123857.0 008 130516s1995 it u000 u ita u 013 $a199332 020 $a88-7835-240-3 040 $aSeMil$bita 245 10$aInterpretazioni attuali dell'uomo: filosofia, scienza, religione /$cintroduzione di Evandro Agazzi. 260 $aNapoli :$bGuida,$c1995. 300 $a442 p. ;$c23 cm. 490 0 $aLaboratorio / Istituto Suor Orsola Benincasa ;$v19 500 $aAtti del Convegno tenuto a Napoli nel 1992. 650 4$aUomo - Filosofia.$0(OLS)http://semarc/subject/10134 650 4$aUomo - Concezione filosofica.$0(OLS)http://semarc/subject/14257 700 1 $aAgazzi, Evandro,$d<1934- >.$0(OLS)http://semarc/name/4499 830 0$aLaboratorio / Istituto Suor Orsola Benincasa ;$v19.$0(OLS)http://semarc/title/11898 850 $aSeMil 852 $aSeMil$W1$xVenegono$y1$m2P V 592$j170790$B170790$CSeMilBibl$Z2$F181558 $81 961 $aOmaggio: Conti don Ermenegildo 996 $6020$a88-7835-240-3$9(OLS)http://semarc/number/218989 996 $6245$aInterpretazioni attuali dell'uomo: filosofia, scienza, religione$9(OLS)http://semarc/title/316148 996 $6260$aNapoli :$bGuida$9(OLS)http://semarc/publisher/31216 LEADER 00767nam a2200181 i 4500 001 000000223161 003 CaOOAMICUS 005 20241002122729.0 008 131004s1854 xx u000 u lat u 013 $a202058 040 $aSeMil$bita 245 10$a4: Moralis et metaphysica. 300 $a314 p. 773 0 $aGoudin, Antoine <1639-1695>$tPhilosophia iuxta inconcussa tutissimaque divi Thomae dogmata, ... quatuor tomis complectens.$bNovissime recensuit et edidit / Roux-Lavergne.$dParisiis : Apud Editores Bibliothecae Novae, 1854.$g4$w()13086 850 $aSeMil 852 $aSeMil$W1$xVenegono$y1$m2P I 54 FA$j173507$B173507$CSeMilBibl$Z2$F183868 $8I 996 $6245$a4: Moralis et metaphysica$9(OLS)http://semarc/title/316725 LEADER 00898nam a2200217 i 4500 001 000000199983 003 CaOOAMICUS 005 20110330000000.0 008 110330n fr u000 u fre u 013 $a178681 040 $aSeMil$bita 100 1 $aDhôtel, Jean-Claude,$c.$0(OLS)http://semarc/name/31789 245 13$aLa spiritualité Ignatienne :$bpoints de repère /$cJean-Claude Dhôtel. 260 $aParis :$bVie chrétienne,$c[19--?] 300 $a72 p. ;$c21 cm. 650 4$aIgnazio : di Loyola - Spiritualità.$0(OLS)http://semarc/subject/16407 850 $aSeMil 852 $aSeMil$W1$xVenegono$y1$m5D IX 13/7$j150517$B150517$CSeMilBibl$Z2$F161863 $81 961 $aOmaggio: Altro 996 $6245$aLa spiritualité Ignatienne :$bpoints de repère$9(OLS)http://semarc/title/289155 996 $6260$aParis :$bVie chrétienne$9(OLS)http://semarc/publisher/35315 LEADER 01110nam a2200229 i 4500 001 000000202146 003 CaOOAMICUS 005 20110516000000.0 008 110516s1943 it u000 u ita u 013 $a180852 040 $aSeMil$bita 245 13$aLa tradizione intorno agli edifici romani di Milano :$bdal secolo 5. al secolo 18. /$ca cura di Giuseppina Mompeglio-Mondini. 260 $aMilano :$bCeschina,$c1943. 300 $a186 p., [1] p. di tav. rip. ;$c25 cm. 490 0 $aReale Istituto di studi romani. Sezione Lombarda ;$v2 650 4$aRoma antica - Organizzazione.$0(OLS)http://semarc/subject/37983 700 1 $aMompeglio-Mondini, Giuseppina.$0(OLS)http://semarc/name/73058 830 0$aReale Istituto di studi romani. Sezione Lombarda ;$v2.$0(OLS)http://semarc/title/27458 850 $aSeMil 852 $aSeMil$W1$xVenegono$y1$m3V III 159$j152669$B152669$CSeMilBibl$Z2$F163730 $81 996 $6245$aLa tradizione intorno agli edifici romani di Milano :$bdal secolo 5. al secolo 18.$9(OLS)http://semarc/title/292593 996 $6260$aMilano :$bCeschina$9(OLS)http://semarc/publisher/30279 LEADER 00747nab a2200157 i 4500 001 000000274293 003 CaOOAMICUS 005 20101126000000.0 008 101126n xx uu u0 0und r 013 $a22776 040 $aSeMil$bita 100 1 $aLazzarin, Orlando.$0(OLS)http://semarc/name/84096 245 10$aSalmi Responsoriali :$bAnno A-B-C : testi della nuova versione approvata dal Card. Ruini il 25 dicembre 2006. - 47 p. - Num. 5158 delle Ed. Carrara. 500 $aLuglio-Ottobre 2010. 773 0 $t[2010].$dBergamo : Ed. Carrara, copyr. 2010.$w()188272 996 $6245$aSalmi Responsoriali :$bAnno A-B-C : testi della nuova versione approvata dal Card. Ruini il 25 dicembre 2006. - 47 p. - Num. 5158 delle Ed. Carrara.$9(OLS)http://semarc/title/360955